000 00707nam a2200289Ia 4500
005 20260324143208.0
008 008 260324s9999 xx 000 0 eng d
020 _a9781315800219
037 _aEBOOK
040 _aCRL
040 _beng
040 _cCRL
041 _2eng
041 _aeng
084 _qCRL
100 _aJacques-Alain Miller; Jacques Lacan
_91213499
245 4 _aThe Ethics of Psychoanalysis 1959-1960
245 4 _bThe Seminar of Jacques Lacan
260 _bTaylor and Francis
260 _c1992
365 _a
365 _b195
856 _uhttp://www.taylorfrancis.com/books/9781315800219
942 _cEBOOK
999 _c1819849
_d1819849